Представление документа в формате MARC21

Поле Инд. ПП Название Значение
Тип записи a
Библиографический уровень b
001 Контрольный номер RU/IS/BASE/185561926
005 Дата корректировки 20201130145646.2
008 Кодируемые данные 20051117
084 a Индекс другой классификации/Индекс ББК 88.41; 88.9; 60.955
100 1_ a Автор Кияшко Е. В.
q Полное имя Кияшко Евгения Вячеславовна
245 10 a Заглавие Психолого-педагогический мониторинг в социально-реабилитационном центре
504 a Библиография Библиогр. в конце статьи
650 04 a Основная рубрика детская психология
a Основная рубрика возрастная психология
a Основная рубрика практическая психология (прикладная психология)
a Основная рубрика психология
653 0_ a Ключевые слова дошкольники
a Ключевые слова консультативная психология
a Ключевые слова коррекционно-реабилитационная работа
a Ключевые слова педагогическая психология
a Ключевые слова подростки
a Ключевые слова психолого-педагогическая поддержка
a Ключевые слова психолого-педагогический мониторинг
a Ключевые слова психосоциальная работа
a Ключевые слова психосоциальная реабилитация
a Ключевые слова реабилитационные центры
a Ключевые слова социальная реабилитация
a Ключевые слова школьники
a Ключевые слова юношеский возраст
700 12 a Автор Воробьева И. В.
q Полное имя Воробьева Ирина Владимировна
773 18 t Заглавие источника Вестник психосоциальной и коррекционно-реабилитационной работы
d Дата издания источника 2005
g Прочая информация № 3. - С. 43 - 49
w Контрольный № источника RU/IS/BASE/179497494
901 t Тип документа b